00539 2200193 4500001002100000005001500021008004100036020001800077035001900095041000700114082000800121090001400129100002400143245008000167260003800247300002800285500001100313650002100324INLIS00000000001013820241224113940241224||||||||| | ||| |||| || |  a979-222-139-5 0010-1224010138 aid0 a330 a330 TAN a0 aWilliam Tanuwidjaja00aAgar Duit Berkembang Biak; Dari Investasi Saham, Deposito sampai Money Game aYogyakartabMedia Pressindoc2006 a17,5x11,5 cm, 122 hlm.; aCet. 2 0aIlmu-ilmu Sosial